| 000 | 00720nam a2200229 a 4500 | ||
|---|---|---|---|
| 001 | 46747 | ||
| 003 | BD-RjUL | ||
| 005 | 20211209054211.0 | ||
| 008 | 160804m19661951ii 00100 eng d | ||
| 035 | _a(BD-RjUL)46866 | ||
| 040 |
_aCLONE _cANL _beng _dBD-RjUL |
||
| 041 | _aeng | ||
| 082 | 0 |
_a345.5491002632 _223 _bNIP 1966 |
|
| 100 | 1 |
_aNizami, Muhammad Mazhar Hassan _9142468 |
|
| 245 | 1 | 4 |
_aThe Pakistan penal code (XLV of 1880) / _cMuhammad Mazhar Hassan Nizami and Choudhry Fazal-I-Haq |
| 250 | _a6th ed. | ||
| 260 |
_aLahore : _bLegal Research Centre, _c1966, |
||
| 300 |
_axviii,a66,528p. ; _c25 cm. |
||
| 650 | 0 |
_aCriminal law _zPakistan. _9142469 |
|
| 700 |
_aFazal-I-Haq, Choudhry _9142470 |
||
| 942 |
_2ddc _cBK |
||
| 999 |
_c46747 _d46747 |
||